| 000 | 00455nam a2200181Ia 4500 | ||
|---|---|---|---|
| 008 | 230524s9999 xx 000 0 und d | ||
| 020 | _a8122500161 | ||
| 082 |
_a658 _bELH |
||
| 100 | _aD.N.Elhance | ||
| 245 | 0 | _aFundamentals of Statistics | |
| 250 | _a2ND | ||
| 260 |
_aALLAHABAD _bKitab Mahal _c2008 |
||
| 300 | _aXVI;30.22 | ||
| 500 | _aQuantity Number: 2 | ||
| 650 | _aManagement | ||
| 700 | _a" Veena Elhance , B.M.Aggarwal,,," | ||
| 942 | _cBK | ||
| 999 |
_c40894 _d40894 |
||